[Event "Hoersching op 2nd"]
[Site "Hoersching"]
[Date "2014.08.29"]
[Round "7"]
[White "Tordai, Lorant"]
[Black "Themessl Huber, Christian"]
[Result "1-0"]
[WhiteElo "1850"]
[BlackElo "2018"]
[PlyCount "88"]
[EventDate "2014.08.23"]
[EventType "swiss"]
[EventRounds "9"]
[EventCountry "AUT"]
[SourceTitle "EXT 2015"]
[Source "ChessBase"]
[SourceDate "2014.11.20"]
[SourceVersion "1"]
[SourceVersionDate "2014.11.20"]
[SourceQuality "1"]

1. d4 d6 2. Nf3 g6 3. e4 Bg7 4. Be2 e6 5. 0-0 Ne7 6. c4 0-0 7. Nc3 b6 8. Bf4 h6 9. Qd2 g5 10. Be3 Bb7 11. h4 g4 12. Ne1 h5 13. f3 f5 14. Bg5 Qe8 15. d5 Ng6 16. fxg4 fxg4 17. Nc2 e5 18. Ne3 Nd7 19. Nf5 Rf7 20. Rf2 Nf4 21. Raf1 Rxf5 22. exf5 Qf7 23. f6 Bf8 24. Bxf4 exf4 25. Qxf4 Ne5 26. Ne4 Bc8 27. Ng5 Bh6 28. Nxf7 Bxf4 29. Nxe5 Bxe5 30. f7+ Kf8 31. Kh1 Bd7 32. Bd3 g3 33. Rf3 Bg4 34. Re3 Kg7 35. Bf5 Rh8 36. Be6 Kf8 37. Re4 Rh7 38. Bxg4 hxg4 39. Rxg4 Bg7 40. b3 a5 41. Rf3 Rh8 42. Rfxg3 Bf6 43. Rg8+ Kxf7 44. Rxh8 Bxh8 1-0

[Event "Hoersching op 2nd"]
[Site "Hoersching"]
[Date "2014.08.23"]
[Round "1"]
[White "Themessl Huber, Christian"]
[Black "Prassl, Alfred"]
[Result "1-0"]
[WhiteElo "2018"]
[BlackElo "1727"]
[PlyCount "77"]
[EventDate "2014.08.23"]
[EventType "swiss"]
[EventRounds "9"]
[EventCountry "AUT"]
[SourceTitle "EXT 2015"]
[Source "ChessBase"]
[SourceDate "2014.11.20"]
[SourceVersion "1"]
[SourceVersionDate "2014.11.20"]
[SourceQuality "1"]

1. e4 c5 2. Nf3 Nc6 3. d4 cxd4 4. Nxd4 d6 5. Nc3 Nf6 6. Be2 g6 7. 0-0 Bg7 8. Be3 0-0 9. Qd2 Ng4 10. Bxg4 Bxg4 11. h3 Bd7 12. f4 a6 13. Nd5 e6 14. Nc3 Rc8 15. Rad1 Na5 16. b3 Qc7 17. Nce2 Rfd8 18. c4 Nc6 19. Nf3 Be8 20. Ng3 Ne7 21. Qf2 Qc6 22. Bd4 f6 23. Kh1 b5 24. cxb5 axb5 25. Be3 Qb7 26. Rd2 Bc6 27. Rfd1 d5 28. Nd4 Bd7 29. Nc2 Qa8 30. Bb6 Re8 31. a3 Rc3 32. b4 Rcc8 33. Bc5 Bc6 34. Nd4 dxe4 35. Nxe6 Nf5 36. Nxf5 gxf5 37. Nxg7 Kxg7 38. Rd7+ Bxd7 39. Rxd7+ 1-0

[Event "Casino op 3rd"]
[Site "Velden"]
[Date "1995.??.??"]
[Round "9"]
[White "Pokupec, Vilim"]
[Black "Themessl Huber, Christian"]
[Result "1-0"]
[WhiteElo "2000"]
[BlackElo "1893"]
[PlyCount "91"]
[EventDate "1995.06.30"]
[EventType "swiss"]
[EventRounds "9"]
[EventCountry "AUT"]
[SourceTitle "EXT 2022"]
[Source "ChessBase"]
[SourceDate "2021.10.06"]
[SourceVersion "1"]
[SourceVersionDate "2021.10.06"]
[SourceQuality "1"]

1. c4 Nf6 2. d4 e6 3. Nf3 c5 4. e3 g6 5. Nc3 cxd4 6. exd4 Bg7 7. Be2 0-0 8. 0-0 a6 9. a3 d6 10. b4 b6 11. a4 Bb7 12. h3 Nbd7 13. Be3 Rc8 14. Nd2 Qe7 15. Rc1 Rc7 16. f4 Rfc8 17. Re1 Nd5 18. Nxd5 exd5 19. Bf2 Qf6 20. Be3 dxc4 21. Rxc4 Rxc4 22. Bxc4 Qh4 23. Qe2 Re8 24. Qf2 Qe7 25. Re2 d5 26. Bd3 Qxb4 27. Nf3 Qc3 28. Bc2 Nf6 29. Ne5 a5 30. Qe1 Rc8 31. Bd3 Ne4 32. Qd1 Qb4 33. Bxe4 dxe4 34. d5 Rd8 35. Rd2 Qc3 36. Bxb6 e3 37. Rd3 e2 38. Qxe2 Qc1+ 39. Rd1 Qxf4 40. Nd3 Bd4+ 41. Kh1 Qf6 42. Bxd8 Qxd8 43. Nf4 Qf6 44. Qe8+ Kg7 45. Rf1 Qg5 46. Ne6+ 1-0